|
|
|
|
| LEADER |
02984nam a22003853i 4500 |
| 001 |
EBC6527531 |
| 003 |
MiAaPQ |
| 005 |
20231204023215.0 |
| 006 |
m o d | |
| 007 |
cr cnu|||||||| |
| 008 |
231204s2021 xx o ||||0 eng d |
| 020 |
|
|
|a 9783030673383
|q (electronic bk.)
|
| 020 |
|
|
|z 9783030673376
|
| 035 |
|
|
|a (MiAaPQ)EBC6527531
|
| 035 |
|
|
|a (Au-PeEL)EBL6527531
|
| 035 |
|
|
|a (OCoLC)1249475356
|
| 040 |
|
|
|a MiAaPQ
|b eng
|e rda
|e pn
|c MiAaPQ
|d MiAaPQ
|
| 050 |
|
4 |
|a HF5415.5-5415.53
|
| 082 |
0 |
|
|a 658.812
|
| 100 |
1 |
|
|a Deszczyński, Bartosz.
|
| 245 |
1 |
0 |
|a Firm Competitive Advantage Through Relationship Management :
|b A Theory for Successful Sustainable Growth.
|
| 250 |
|
|
|a 1st ed.
|
| 264 |
|
1 |
|a Cham :
|b Springer International Publishing AG,
|c 2021.
|
| 264 |
|
4 |
|c {copy}2021.
|
| 300 |
|
|
|a 1 online resource (294 pages)
|
| 336 |
|
|
|a text
|b txt
|2 rdacontent
|
| 337 |
|
|
|a computer
|b c
|2 rdamedia
|
| 338 |
|
|
|a online resource
|b cr
|2 rdacarrier
|
| 505 |
0 |
|
|a Intro -- Preface -- References -- Acknowledgements -- Contents -- Abbreviations -- List of Figures -- List of Tables -- Chapter 1: Research on the Competitive Advantage of the Firm -- 1.1 Dominating Schools of Strategic Management -- 1.2 The Discourse on the Locus of Competitive Advantage -- References -- Chapter 2: Theoretical Foundations of the Relationship Management Mid-Range Theory -- 2.1 The Domain of Relationship Management -- 2.2 The Boundaries of RM Mid-Range Theory -- References -- Chapter 3: Relationship Management Maturity -- 3.1 The Design and Introductory Steps of RM Maturity Conceptualization -- 3.2 The Strategic Dimension of RM Maturity -- 3.3 The Processual and ICT Dimensions of RM Maturity -- References -- Chapter 4: Validating the Relationship Management Maturity Concept -- 4.1 The Design of a Research Tool on RM Maturity -- 4.2 Analytical Strategy -- 4.3 The Empirical Results on RM Maturity and Competitive Advantage -- References -- Chapter 5: Developing the Relationship Management Upper Mid-Range Theory -- 5.1 The Final Proposal of the RM Maturity Model and Its Practical Interpretation -- 5.2 Relational Niche -- 5.3 Illustrative Examples of RM Practice -- References -- Final Note -- References -- Index.
|
| 588 |
|
|
|a Description based on publisher supplied metadata and other sources.
|
| 590 |
|
|
|a Electronic reproduction. Ann Arbor, Michigan : ProQuest Ebook Central, 2023. Available via World Wide Web. Access may be limited to ProQuest Ebook Central affiliated libraries.
|
| 655 |
|
4 |
|a Electronic books.
|
| 776 |
0 |
8 |
|i Print version:
|a Deszczyński, Bartosz
|t Firm Competitive Advantage Through Relationship Management
|d Cham : Springer International Publishing AG,c2021
|z 9783030673376
|
| 797 |
2 |
|
|a ProQuest (Firm)
|
| 856 |
4 |
0 |
|u https://ebookcentral.proquest.com/lib/matrademy/detail.action?docID=6527531
|z Click to View
|